书目信息 |
| 题名: |
女人就应该这样经营幸福
|
|
| 作者: | 方苑 编著 | |
| 分册: | ||
| 出版信息: | 北京 中华工商联合出版社 2015 |
|
| 页数: | 212页 | |
| 开本: | 24cm | |
| 丛书名: | ||
| 单 册: | ||
| 中图分类: | B82-49 | |
| 科图分类: | ||
| 主题词: | 女性--幸福--通俗读物 | |
| 电子资源: | ||
| ISBN: | 978-7-5158-1212-0 | |
| 000 | 00771nam0 2200229 450 | |
| 001 | 012001001624 | |
| 005 | 20140921103355.0 | |
| 010 | @a978-7-5158-1212-0@dCNY32.00 | |
| 100 | @a20150303d2015 em y0chiy50 ea | |
| 101 | 0 | @achi |
| 102 | @aCN@b110000 | |
| 105 | @ay z 000yy | |
| 106 | @ar | |
| 200 | 1 | @a女人就应该这样经营幸福@9nv ren jiu ying gai zhe yang jing ying xing fu@f方苑编著 |
| 210 | @a北京@c中华工商联合出版社@d2015 | |
| 215 | @a212页@d24cm | |
| 330 | @a本书作者通过鲜活生动的实例,引导女性从美丽、温柔、智慧、运动、饮食、心态、事业和家庭等诸多方面来经营自己,从而收获幸福。 | |
| 606 | 0 | @a女性@x幸福@j通俗读物 |
| 690 | @aB82-49@v5 | |
| 701 | 0 | @a方苑@9fang yuan@c(女)@4编著 |
| 801 | 0 | @aCN@b上海新华@c20180901 |
| 905 | @b1044076-80@dB82-49@e1141@f5 | |
| 女人就应该这样经营幸福/方苑编著.-北京:中华工商联合出版社,2015 |
| 212页;24cm |
| ISBN 978-7-5158-1212-0:CNY32.00 |
| 本书作者通过鲜活生动的实例,引导女性从美丽、温柔、智慧、运动、饮食、心态、事业和家庭等诸多方面来经营自己,从而收获幸福。 |
| ● |
| 相关链接 |
|
|
|
|
正题名:女人就应该这样经营幸福
索取号:B82-49/1141
 
预约/预借
| 序号 | 登录号 | 条形码 | 馆藏地/架位号 | 状态 | 备注 |
| 1 | 1044076 | 210440762 | 第一样本阅览室/ [索取号:B82-49/1141] | 在馆 | |
| 2 | 1044077 | 210440771 | 第一借阅区/ [索取号:B82-49/1141] | 在馆 | |
| 3 | 1044078 | 210440780 | 第一借阅区/ [索取号:B82-49/1141] | 在馆 | |
| 4 | 1044079 | 210440799 | 第一借阅区/ [索取号:B82-49/1141] | 在馆 | |
| 5 | 1044080 | 210440806 | 第一借阅区/ [索取号:B82-49/1141] | 在馆 |